Obálka Náhled e-knihy:
PDF Epub
Pro půjčování e-knih musíte být přihlášeni.
Jak si půjčit online?

Věk supernovy /

Katastrofický sci-fi román uznávaného čínského autora tohoto žánru zachycuje planetu Zemi ve chvíli, kdy dospělí umírají a na světě zůstanou pouze děti do věku třinácti let.

Uloženo v:
Hlavní autor: Liu, Cixin, 1963- (Autor)
Další autoři: Do, Hana, 1990- (Autor)
Médium: E-kniha
Jazyk:Czech
Vydáno: Brno : Host, 2020
Vydání:První vydání
Témata:
Tagy:
Žádné tagy
LEADER 02486cam a2200433 i 4500
001 301474
003 CZ PrSKC
005 20260430063208.0
007 ta
008 200930s2020 xr g 000 f cze d
015 |a cnb003254580 
020 |a 9788027501564  |q (vázáno) 
035 |a (OCoLC)1230106238 
040 |a CBA001  |b cze  |d ABG001  |e rda 
041 1 |a cze  |h chi 
072 7 |a 821.58  |x Sino-tibetské literatury  |2 Konspekt 
080 |a 821.581-31  |2 MRF 
080 |a (0:82-311.9)  |2 MRF 
100 1 |a Liu, Cixin,  |d 1963-  |7 xx0212744  |4 aut 
240 1 0 |a Chao xin xing ji yuan.  |l Česky 
245 1 0 |a Věk supernovy /  |c Liou Cch'-sin ; přeložila Hana Do 
250 |a První vydání 
264 1 |a Brno :  |b Host,  |c 2020 
300 |a 458 stran ;  |c 21 cm 
336 |a text  |b txt  |2 rdacontent 
337 |a bez média  |b n  |2 rdamedia 
338 |a svazek  |b nc  |2 rdacarrier 
500 |a Přeloženo z čínštiny 
520 2 |a Katastrofický sci-fi román uznávaného čínského autora tohoto žánru zachycuje planetu Zemi ve chvíli, kdy dospělí umírají a na světě zůstanou pouze děti do věku třinácti let.  |b Ve vzdálenosti osmi světelných let zemřela hvězda a zaplavila Zemi smrtícím zářením, které do roka zahubí všechny lidi starší třinácti let. A tak se spouští odpočet. Rodiče se ze všech sil snaží předat svým dětem veškeré vědomosti, které budou potřebovat pro udržení světa v chodu. Dětský svět ovšem odmítá pokračovat v zaběhnutých kolejích světa dospělých. Vysní si lepší svět, svět plný her, ale ani děti -- stejně jako dospělí -- nedokážou odolat temným stránkám lidské povahy a snový svět začíná připomínat noční můru... Nakladatelská anotace. 
655 7 |a čínské romány  |7 fd133983  |2 czenas 
655 7 |a vědecko-fantastické romány  |7 fd133847  |2 czenas 
655 9 |a Chinese fiction  |2 eczenas 
655 9 |a science fiction novels  |2 eczenas 
700 1 |a Do, Hana,  |d 1990-  |7 hka2018977380  |4 trl 
900 |a ABA001  |b 20 
044 |a xr 
910 |a RBIT002 
998 |d 208920  |a https://core.palmknihy.cz/api/books/208920/cover?qgpcy8  |b https://core.palmknihy.cz/api/books/208920/cover/400?qgpcy8  |c https://core.palmknihy.cz/api/books/208920/cover/50?qgpcy8  |e 2026-08-31  |g 463  |i 9788027501564  |j https://core.palmknihy.cz/api/books/208920/preview.epub  |k https://core.palmknihy.cz/api/books/208920/preview.pdf  |l   |q 49  |r 1  |s https://www.palmknihy.cz/kniha/208920  |t ebook  |y 2020  |z 0 
999 |d 301472